Najlepsi strzelcy Sevilli - Statystyki

Ogólne statystyki
  • Ten quiz został rozwiązany 21 razy
  • Średni wynik to 4 z 15
Statystyki odpowiedzi
Lata Narodowość Piłkarz % Poprawnych
2013-2015 Kolumbia Bacca
63%
2016-2019 Francja Ben Yedder
63%
2013-2016 Francja Gameiro
53%
2003-2013, 2017-teraz Hiszpania Navas
53%
2005-2012 Mali Kanoute
42%
1991-1996 Chorwacja Suker
42%
2009-2013 Hiszpania Negredo
32%
2005-2011 Brazylia Luis Fabiano
21%
2000-2004, 2012-2016 Hiszpania Reyes
21%
2003-2005 Brazylia Baptista
5%
2004-2011 Brazylia Renato
5%
? Hiszpania Araujo Pino
0%
1943-1959 Hiszpania Arza
0%
1988-1991 Austria Polster
0%
2016-2019 Hiszpania Sarabia
0%
Nie znaleziono quizów pasujących do podanych kryteriów
Rozkład punktacji
Procent ludzi z każdym wynikiem
Percentyl według liczby udzielonych odpowiedzi
Twoja historia wyników
Nie rozwiązałeś tego quizu